Nuevos marcos de inclusión y ciudadanía en contextos sociales excluyentes /
Guardado en:
| Autor principal: | |
|---|---|
| Formato: | Texto |
| Materias: | |
| Etiquetas: |
Agregar Etiqueta
Sin Etiquetas, Sea el primero en etiquetar este registro!
|
MARC
| LEADER | 00000 a a2200000 04500 | ||
|---|---|---|---|
| 001 | 2902 | ||
| 003 | |||
| 040 | |||
| 100 | |a Moreno Hernández, Miguel Angel | ||
| 245 | |a Nuevos marcos de inclusión y ciudadanía en contextos sociales excluyentes / |c Miguel Angel Moreno Hernández | ||
| 650 | |a DERECHOS DEL NIÑO | ||
| 650 | |a LEGISLACION | ||
| 650 | |a EDUCACION | ||
| 650 | |a REFORMA DE LA EDUCACION | ||
| 773 | |g volumen 26, número 4; páginas 473-503 | ||
| 999 | |c 34231 |d 34231 | ||
